[Event "WYCC 2018 O18"]
[Site "Halkidiki"]
[Date "2018.10.21"]
[Round "3"]
[White "Shevchenko, Kirill"]
[Black "Fawzy, Adham"]
[Result "1/2-1/2"]
[WhiteElo "2549"]
[BlackElo "2439"]
[Annotator "TA"]
[PlyCount "82"]
[EventDate "2018.10.20"]
[EventType "swiss"]
[EventCountry "GRE"]
[SourceTitle "playchess.com"]
[Source "ChessBase"]
[SourceQuality "1"]

{[%evp 12,82,29,20,26,10,27,5,13,0,0,0,0,0,0,0,3,0,11,11,12,12,11,0,0,-21,-21,-21,-26,-10,-12,-43,-31,-22,-25,-52,4,-20,0,-18,0,0,0,0,0,0,-5,-34,0,0,0,0,21,-1,0,0,0,0,0,0,0,0,0,0,0,0,0,0,0,0,0,0,0]} 1. e4 c5 2. Nf3 Nc6 3. Bb5 g6 4. O-O Bg7 5. Bxc6 dxc6 6. d3 Nf6 7. Re1 {LiveBook: 48 Games} Nd7 {B31: Sicilian: 2...Nc6 3 Bb5 g6} (7... O-O 8. Bd2 Ne8 9. Bc3 f6 10. a3 a5 11. Nbd2 Nc7 12. Nc4 Nb5 13. Bd2 a4 14. c3 Qxd3 15. Nb6 Ra6 16. Nxa4 b6 17. b3 Qd8 18. Qe2 Be6 19. c4 Nd4 {½-½ (19) Baklan,V (2594)-Cornette,M (2593) Chartres 2017}) 8. a4 a5 $146 ({Predecessor:} 8... Nf8 9. Na3 Bg4 10. h3 Bxf3 11. Qxf3 e5 12. Nc4 Ne6 13. Be3 O-O 14. Qg3 Qc7 15. Qh4 {½-½ (48) Bonaveri,A (2160)-Sutovsky,E (2470) Szeged 1994}) 9. Na3 O-O 10. c3 e5 11. Bg5 Qc7 12. Qb3 b6 13. Nc4 (13. Bh4 {is interesting.} Ba6 14. Nc4 Rfe8 15. h3 b5 16. Ne3) 13... Ba6 14. Bh4 Bxc4 15. Qxc4 Rfe8 16. Rad1 Qb7 17. Qb3 b5 18. Bg5 c4 19. dxc4 Nc5 {[%cal Bd7c5,Bc5a4,Ba4b2][%mdl 32]} 20. Qa3 b4 21. cxb4 axb4 22. Qe3 Nxa4 23. Rd2 b3 ({Black should try} 23... f6 $15 24. Bh4 Qa7) 24. Rd3 Rab8 25. Nd2 {[%cal Rd3b3]} Nxb2 26. Rxb3 Qd7 27. Rxb8 Rxb8 28. Rb1 {And now Qc3 would win.} f6 29. Bh4 g5 30. Bg3 {The position is equal.} Bf8 31. Qe2 Rb4 32. h4 {[#] Black must now prevent hxg5.} Na4 33. Rxb4 Nc3 34. Qf3 Bxb4 35. Nf1 Qd1 $1 36. Qxd1 Nxd1 37. hxg5 fxg5 38. Bxe5 $11 {KBN-KBN} Bc5 39. Bg3 h5 {[%cal Bh7h5,Bh5h4][%mdl 32]} 40. Nd2 h4 41. Nb3 {Threatens to win with Bxh4.} Ba7 {Precision: White = 60%, Black = 69%.} 1/2-1/2

[Event "WYCC 2018 O18"]
[Site "Halkidiki"]
[Date "2018.10.21"]
[Round "3"]
[White "Van Foreest, Lucas"]
[Black "Bronstein, Or"]
[Result "1/2-1/2"]
[WhiteElo "2499"]
[BlackElo "2385"]
[Annotator "TA"]
[PlyCount "90"]
[EventDate "2018.10.20"]
[EventType "swiss"]
[EventCountry "GRE"]
[SourceTitle "playchess.com"]
[Source "ChessBase"]
[SourceQuality "1"]

{[%evp 23,90,8,10,10,13,0,0,0,16,14,16,23,21,18,11,6,13,0,14,24,35,38,45,54,53,0,0,0,4,4,4,4,14,4,4,4,4,4,4,4,8,8,34,15,15,15,15,4,15,4,3,0,0,0,0,0,0,0,0,0,0,0,0,0,0,0,0,0,0]} 1. e4 c5 2. Nf3 d6 3. d4 cxd4 4. Nxd4 Nf6 5. Nc3 a6 6. g3 e5 7. Nde2 Be7 8. Bg2 O-O 9. O-O b5 10. Nd5 {B91: Sicilian Najdorf: 6 g3} Nxd5 11. Qxd5 Ra7 12. Be3 Rb7 {LiveBook: 10 Games} 13. Nc3 Nd7 14. b3 Nf6 15. Qd3 Be6 16. a4 {[%cal Ra4b5]} Qb8 17. axb5 axb5 {[#]} 18. Bg5 $146 Rc8 19. Bxf6 Bxf6 20. Ra6 b4 21. Nd5 Bxd5 22. Qxd5 Rb5 23. Qd2 Rbc5 24. Bh3 ({Better is} 24. Ra2 $14) 24... Rxc2 $11 25. Qd5 R2c5 26. Qxd6 Qxd6 27. Rxd6 R8c6 28. Rxc6 Rxc6 {[%mdl 4096] Endgame KRB-KRB} 29. Ra1 {[#] Ra8+ would kill now.} g6 30. Ra8+ Kg7 31. Bf1 Rc1 32. Kg2 Rc7 33. Bc4 Be7 {The position is equal.} 34. Ra5 Bc5 35. Rb5 Kf6 36. h4 h5 37. f4 exf4 38. gxf4 Kg7 39. Kg3 Bd6 40. Rd5 Be7 41. f5 Rc5 42. Rd7 Rc7 43. Rd5 ({But not} 43. f6+ Bxf6 44. Rxc7 Be5+ 45. Kf3 Bxc7 $17) 43... Rc5 44. Rd7 Rc7 45. Rd5 ({Reject} 45. f6+ Bxf6 46. Rxc7 Be5+ 47. Kg2 Bxc7 $17) 45... Rc5 {Precision: White = 56%, Black = 68%.} 1/2-1/2

[Event "WYCC 2018 O18"]
[Site "Halkidiki"]
[Date "2018.10.21"]
[Round "3"]
[White "Gazik, Viktor"]
[Black "Burovic, Rijad"]
[Result "1-0"]
[WhiteElo "2486"]
[BlackElo "2380"]
[Annotator "TA"]
[PlyCount "105"]
[EventDate "2018.10.20"]
[EventType "swiss"]
[EventCountry "GRE"]
[SourceTitle "playchess.com"]
[Source "ChessBase"]
[SourceQuality "1"]

{[%evp 19,105,-25,39,22,19,13,19,17,13,20,32,36,61,43,69,41,44,41,43,39,93,81,118,118,124,141,112,147,137,134,151,138,136,81,82,68,45,48,135,96,102,78,130,108,134,131,143,156,239,220,252,245,241,185,370,346,387,379,397,389,395,400,444,442,657,507,560,567,568,548,560,559,609,597,617,617,652,617,683,684,842,827,818,797,797,768,12837,12837]} 1. e4 e6 2. d3 d5 3. Nd2 c5 4. Ngf3 Nc6 5. g3 g6 6. Bg2 Bg7 7. O-O Nge7 8. Re1 b6 9. Nf1 h6 {A08: King's Indian Attack} 10. c3 a5 {LiveBook: 3 Games} (10... dxe4 $11 11. dxe4 Qxd1 12. Rxd1 O-O) 11. e5 d4 {The position is equal.} 12. cxd4 cxd4 13. h4 $146 ({Predecessor:} 13. N1d2 O-O 14. Nc4 Ba6 15. a4 Bxc4 16. dxc4 Ra7 17. b3 Rd7 18. Ba3 {½-½ (31) Penades Ordaz,V (2424)-Lara Ruiz,J (2364) ICCF email 2008}) 13... O-O 14. N1h2 Bb7 $1 15. Ng4 Kh7 16. a3 Nd5 17. Qd2 {[%cal Rg4h6]} h5 18. Ngh2 a4 19. Qe2 Nce7 (19... Ra5 $14) 20. Nxd4 $16 Nf4 21. Bxf4 Bxg2 22. Nxe6 fxe6 23. Kxg2 Rxf4 24. gxf4 {Strongly threatening Nf3.} Nd5 {[%cal Be7d5,Bd5f4,Bf4d3][%mdl 32]} 25. Qe4 {Threatens to win with Nf3.} Qxh4 {[#] Black wants to play ...Rf8.} 26. Kh1 (26. f5 $142 $1 {[%cal Rf5g6]} Qg5+ 27. Kh1 Qxf5 28. Qxf5 gxf5 29. Rad1) 26... Qxf4 27. Qxf4 (27. Rac1 {with more complications.} Rf8 28. Rc6 Qxf2 29. Rf1 Qxb2 30. Rxe6 Nf4 31. Re7) 27... Nxf4 28. d4 Nd3 ({Black should play} 28... g5 $14) 29. Re2 Rf8 30. Kg1 Rc8 (30... g5 $142) 31. Rd2 Nc1 {With the idea ...Nb3.} 32. Rb1 Nb3 33. Rd3 Rf8 (33... g5 $16 {keeps fighting.} 34. Nf1 h4) 34. Re1 Rf4 35. d5 Nc5 36. Rdd1 Rf7 $2 {[#]} (36... exd5 37. Rxd5 Bf8) 37. dxe6 $18 Nxe6 38. Rd6 Ng5 39. e6 Re7 40. Re2 b5 41. Kg2 {White is clearly winning.} Nf7 (41... Kg8 $142 42. Nf3 Nh7) 42. Rd5 ({Weaker is} 42. exf7 Rxe2 43. Rd8 g5 $16) 42... Nh6 43. Rxb5 Nf5 {If Black can now play ...Nd4 this consolidates a bit.} 44. Nf3 Bf6 45. Ra5 Ng7 46. Rxa4 g5 47. Rae4 Nf5 48. Rd2 g4 49. Ne5 Rxe6 50. Nxg4 Rb6 51. Nxf6+ Rxf6 52. Rf4 Kg6 53. Rd5 {Precision: White = 90%, Black = 23%.} 1-0

[Event "WYCC 2018 O18"]
[Site "Halkidiki"]
[Date "2018.10.21"]
[Round "3"]
[White "Livaic, Leon"]
[Black "Szabo, Marton Mihaly"]
[Result "1-0"]
[WhiteElo "2481"]
[BlackElo "2307"]
[Annotator "TA"]
[PlyCount "55"]
[EventDate "2018.10.20"]
[EventType "swiss"]
[EventCountry "GRE"]
[SourceTitle "playchess.com"]
[Source "ChessBase"]
[SourceQuality "1"]

{[%evp 18,55,18,16,17,5,7,-1,20,23,24,12,44,39,44,46,44,41,44,-20,121,94,348,356,367,351,758,760,743,580,588,575,1259,1262,1186,1049,1000,1047,1048,1049]} 1. d4 Nf6 2. c4 e6 3. Nf3 b6 4. Bf4 Bb7 5. e3 Bb4+ 6. Nfd2 O-O 7. a3 Be7 8. Nc3 d5 9. cxd5 {E12: Queen's Indian: Unusual White 4th moves, 4 a3, 4 Nc3 Bb7 5 a3 and 4 Nc3 Bb7} exd5 10. Bd3 {LiveBook: 9 Games} (10. Be2 Nbd7 11. O-O a6 12. Rc1 Rc8 13. Bf3 c5 14. dxc5 Nxc5 15. Nb3 Nce4 16. Be5 b5 {0-1 (40) Berkes,F (2678)-Indjic,A (2599) Valjevo 2018}) 10... Bd6 $146 ({Predecessor:} 10... c5 11. O-O Bd6 12. Qf3 Nc6 13. Bg5 cxd4 14. Nxd5 Bxh2+ 15. Kxh2 Qxd5 16. Bxf6 Qd6+ {1-0 (77) Bogner,S (2556)-Georgiadis,N (2470) Flims 2016}) 11. Bg5 {With the idea Nxd5!The position is equal.} h6 12. Bh4 a6 13. Qf3 Nbd7 14. g4 c5 15. g5 $1 {[%cal Rg5f6]} hxg5 16. Bxg5 cxd4 17. exd4 Re8+ 18. Kd1 (18. Kf1 $14) 18... Qc7 (18... Be7 $11) 19. Rg1 {[#] Strongly threatening Bxf6.} Kf8 $2 {[%mdl 8192]} (19... Bxh2 20. Rh1 $18) (19... Ne4 $16) 20. Rc1 $18 (20. Bxf6 Nxf6 21. Qh3 Bxh2 $14) 20... Rac8 ({Much worse is} 20... Bxh2 21. Rh1 $18) 21. Qh3 {Threatens to win with Qh8+.} ({Weaker is} 21. Bxf6 Nxf6 22. Qh3 Ng8 $16) 21... Ng8 $2 (21... Kg8 22. Bxf6 Nxf6) 22. Qh8 {White is clearly winning.} Bf4 23. Ne2 Rxe2 24. Kxe2 ({Less strong is} 24. Rxc7 Rxd2+ 25. Ke1 Re8+ 26. Kf1 Rd1+ 27. Kg2 Rxg1+ 28. Kxg1 Bxc7 $18) 24... Re8+ 25. Kd1 Qd6 26. Bxf4 Qxf4 27. Qxg7+ Ke7 28. Re1+ {Precision: White = 51%, Black = 22%.} 1-0

[Event "WYCC 2018 O18"]
[Site "Halkidiki"]
[Date "2018.10.21"]
[Round "3"]
[White "Fakhrutdinov, Timur"]
[Black "Le, Minh Hoang"]
[Result "1/2-1/2"]
[WhiteElo "2472"]
[BlackElo "2271"]
[Annotator "TA"]
[PlyCount "74"]
[EventDate "2018.10.20"]
[EventType "swiss"]
[EventCountry "GRE"]
[SourceTitle "playchess.com"]
[Source "ChessBase"]
[SourceQuality "1"]

{[%evp 12,74,16,18,21,10,13,14,22,18,24,10,26,21,21,18,17,22,79,75,87,66,65,43,52,41,48,56,56,13,12,0,28,26,24,12,21,2,7,2,115,116,122,107,124,130,179,49,75,7,0,0,0,0,0,0,0,-39,-30,-50,-50,-51,-51,-64,-55]} 1. e4 c6 2. d4 d5 3. Nc3 {[%cal Bb1c3,Bc3e4,Be4d2,Bd2c4,Bc4e3][%mdl 32]} dxe4 4. Nxe4 Nd7 {[%cal Bb8d7,Bd7b6,Bb6d5,Bd5b4][%mdl 32]} 5. Nf3 Ngf6 6. Ned2 c5 {B17: Caro-Kann: Modern Line (4...Nd7)} (6... g6 7. g3 Bg7 8. Bg2 O-O 9. O-O Re8 10. Re1 Nf8 11. c3 Bf5 12. Qb3 Qc7 13. Ng5 e6 14. h3 {½-½ (44) Kokarev,D (2639)-Burmakin,V (2571) Voronezh 2015}) 7. Nc4 {LiveBook: 7 Games} cxd4 8. Nxd4 $146 ({Predecessor:} 8. Qxd4 g6 9. Nce5 Nxe5 10. Qxd8+ Kxd8 11. Nxe5 Be6 12. Bf4 Bg7 13. O-O-O+ Ke8 14. Bb5+ {0-1 (40) Petrov,M (2479)-Arkell,K (2521) Treforest 2009}) 8... g6 {The position is equal.} 9. g3 Nb6 10. Ne3 Bg7 11. Bg2 O-O 12. O-O a6 13. a4 Nbd5 14. Nb3 {[%cal Re3d5]} e6 (14... Nxe3 $11 {remains equal.} 15. Qxd8 (15. Bxe3 Bf5 $11) 15... Rxd8 16. Bxe3 Bf5) 15. c4 $16 Nb4 16. Bd2 Nc6 17. c5 e5 18. Bc3 Be6 {[#] White must now prevent ...Qxd1.} 19. Qxd8 Raxd8 20. Bxc6 bxc6 21. Na5 $36 {[%mdl 2048] White has some pressure.} Ne4 22. Nxc6 Nxc3 23. bxc3 Rd7 24. Rfd1 {Threatens to win with Rxd7.} Rc7 $1 {[%cal Rc7c6]} 25. Rd6 Bf6 {[#]} (25... Re8 $11 {keeps the balance.}) 26. Rb1 $1 Rfc8 27. Rb6 a5 28. c4 Bg7 29. Nxa5 ({White should try} 29. Nd5 $18 Bxd5 30. cxd5) 29... Bf8 $14 30. Rdc6 (30. Nb7 $16) 30... Rxc6 $11 31. Nxc6 Bxc5 32. Rb8 Rxb8 33. Nxb8 Bd6 $1 {[%cal Rd6b8]} 34. Nc6 {Nd5 is the strong threat.} Bd7 35. c5 Bxc5 {Black is slightly better.} ({Don't play} 35... Bxc6 $6 36. cxd6 Bxa4 37. Nc4 $16) 36. Nxe5 Bxa4 37. Nd3 Bd6 {Precision: White = 45%, Black = 64%.} 1/2-1/2

[Event "WYCC 2018 O18"]
[Site "Halkidiki"]
[Date "2018.10.21"]
[Round "3"]
[White "Pultinevicius, Paulius"]
[Black "Beukema, Jasper"]
[Result "1/2-1/2"]
[WhiteElo "2465"]
[BlackElo "2256"]
[Annotator "TA"]
[PlyCount "86"]
[EventDate "2018.10.20"]
[EventType "swiss"]
[EventCountry "GRE"]
[SourceTitle "playchess.com"]
[Source "ChessBase"]
[SourceQuality "1"]

{[%evp 14,86,12,4,28,8,28,24,19,20,18,18,16,22,33,17,14,8,20,19,12,16,13,14,24,23,23,0,0,0,25,18,30,9,42,0,20,20,57,14,37,10,2,16,39,44,87,41,84,12,20,22,24,14,43,19,36,19,23,0,0,0,70,52,66,29,26,12,10,0,0,0,0,0,0]} 1. Nf3 Nf6 2. d4 e6 3. c4 d5 4. Nc3 Be7 5. Bg5 O-O 6. e3 Nbd7 7. Qc2 c6 8. Rd1 {LiveBook: 350 Partien} Nb6 {D61: Damengambit (Hauptvariante mit 7.Dc2)} (8... b6 9. Bd3 Bb7 10. O-O Rc8 11. cxd5 cxd5 12. Rc1 Ne4 13. Bxe7 Qxe7 14. Qa4 a6 15. Rc2 Nxc3 16. bxc3 Bc6 17. Qb3 b5 {½-½ (30) Rodshtein,M (2680)-Roiz,M (2592) Caleta 2015}) 9. Nd2 $146 ({Vorgänger:} 9. c5 Nbd7 10. b4 Qc7 11. Bf4 Qd8 12. b5 Qa5 13. Rd2 Re8 14. Bd3 Bd8 15. O-O Bc7 16. Ne5 Nb8 17. Bg5 Bd8 18. bxc6 bxc6 19. Rb1 Qc7 20. Bf4 Bb7 21. Nc4 Qd7 22. Nd6 {1-0 (22) Baisakow,A (1783)-Kickert,G (1492) Verden 2004}) 9... h6 10. Bh4 Nh5 {Weiß hat minimalen Vorteil.} 11. Bxe7 Qxe7 12. Be2 Nf6 13. O-O e5 14. dxe5 Qxe5 15. Nf3 Qe7 16. cxd5 Nbxd5 17. Nxd5 Nxd5 18. Nd4 Nf6 19. Bf3 Qe5 20. b4 a5 21. a3 Re8 22. h3 Qg5 23. Kh2 h5 24. Rc1 axb4 25. axb4 g6 26. Qb2 (26. b5 $5) 26... Nd7 27. Rfd1 Ne5 28. Be2 {[#] Und f4 würde nun gewinnen.} Qh4 29. Kg1 Qf6 30. Qc3 Ra2 {[#]} 31. Rd2 ({Lieber} 31. Qb3 $1 $16 {[%cal Rb3a2]} Ra8 32. b5) 31... Rxd2 $11 32. Qxd2 Nd7 {[%cal Be5d7,Bd7f6,Bf6d5][%mdl 32]} 33. Nb3 Qg5 34. Qd4 Nf6 35. Rc5 Nd5 $1 36. Kh2 Qe7 37. b5 Bd7 (37... Nc7 $11 38. Qc3 Nd5) 38. bxc6 bxc6 39. Bf3 Rb8 40. Nd2 Rb4 {Die Stellung ist ausgeglichen.} 41. Rc4 Rxc4 42. Nxc4 Be6 43. Qd2 Nf6 {Precision: Weiß = 39%, Schwarz = 46%.} 1/2-1/2

[Event "WYCC 2018 O18"]
[Site "Halkidiki"]
[Date "2018.10.21"]
[Round "3"]
[White "Makhnev, Denis"]
[Black "Moroni, Luca Jr"]
[Result "1/2-1/2"]
[WhiteElo "2442"]
[BlackElo "2554"]
[Annotator "TA"]
[PlyCount "78"]
[EventDate "2018.10.20"]
[EventType "swiss"]
[EventCountry "GRE"]
[SourceTitle "playchess.com"]
[Source "ChessBase"]
[SourceQuality "1"]

{[%evp 16,78,4,-5,37,20,16,0,0,0,0,0,0,-15,-10,-49,-45,-70,-58,-96,-64,-61,-50,-81,-93,-104,-64,-99,-90,-91,-48,-33,0,-9,0,0,0,0,0,0,0,0,0,0,56,56,58,48,72,66,60,75,122,104,175,56,57,44,29,22,22,22,69,16,23]} 1. d4 d5 2. c4 e6 3. g3 dxc4 4. Bg2 a6 5. Nf3 b5 6. Ne5 {D30: Queen's Gambit Declined: Systems without Nc3} c6 7. O-O Bb7 8. a4 Nf6 9. b3 {LiveBook: 27 Games} Nbd7 $146 (9... cxb3 {looks sharper.} 10. Bb2 Nbd7 11. Nxc6 Qb6 12. axb5 axb5 13. Rxa8+ Bxa8 14. Qc1 Bd6) ({Predecessor:} 9... cxb3 10. Qxb3 Be7 11. Nc3 b4 12. Rd1 a5 13. Bg5 O-O 14. Bxf6 gxf6 {1-0 (37) Mchedlishvili,M (2603)-Eljanov,P (2711) Riadh 2017}) 10. Nxd7 ({Much worse is} 10. Nxc6 Qc7 $17) 10... Qxd7 11. axb5 cxb5 12. Bxb7 Qxb7 13. bxc4 Be7 14. Qb3 O-O 15. Nc3 {[%cal Rc4b5]} Qc6 16. cxb5 axb5 17. Bg5 Rxa1 18. Rxa1 b4 19. Bxf6 gxf6 20. Nd1 Rd8 21. e3 Rc8 22. Nb2 Qf3 (22... Qb5 {feels hotter.} 23. Qd1 b3 24. e4 Qb7 25. d5 Rc2) 23. Qd1 $1 {[%cal Rd1f3]} Qxd1+ (23... Qe4 {is more complex.} 24. h3 Bd6 25. Qg4+ Qxg4 26. hxg4 b3) 24. Nxd1 $15 {[%mdl 4096] Endgame KRB-KRN} e5 25. Kf1 Rc2 26. Ra5 e4 27. Ra1 b3 {...b2 is the strong threat.} 28. Ra8+ Kg7 29. Rb8 $1 Rc1 (29... Rd2 $11 30. Ke1 Rd3) 30. Ke2 $1 $14 Rb1 $1 31. g4 {Threatens to win with Nc3.} Bd6 32. Rb5 Bxh2 33. Nc3 Rg1 34. Nxe4 Rxg4 {[#]} (34... b2 $16 35. Rxb2 Rxg4) 35. Kf3 ({White must play} 35. f4 $1 $18) 35... Rg1 36. Rxb3 f5 37. Nc3 h5 38. Rb5 h4 39. Ne2 (39. Rxf5 $14 Kg6 40. Rc5) 39... Rg5 {Precision: White = 56%, Black = 67%.} 1/2-1/2

[Event "WYCC 2018 O18"]
[Site "Halkidiki"]
[Date "2018.10.21"]
[Round "3"]
[White "Ioannidis, Evgenios"]
[Black "Bratkovic, Jakob"]
[Result "1-0"]
[WhiteElo "2407"]
[BlackElo "2242"]
[Annotator "TA"]
[PlyCount "75"]
[EventDate "2018.10.20"]
[EventType "swiss"]
[EventCountry "GRE"]
[SourceTitle "playchess.com"]
[Source "ChessBase"]
[SourceQuality "1"]

{[%evp 10,75,10,11,-3,1,31,8,8,0,30,30,42,36,28,33,33,35,85,54,83,55,72,74,54,33,57,37,70,72,126,120,131,86,96,50,66,51,51,53,52,22,58,49,90,91,145,148,148,93,69,70,293,185,493,472,528,528,528,513,514,507,845,800,850,845,820,820]} 1. c4 e5 2. g3 Nf6 3. Bg2 d5 4. cxd5 Nxd5 5. Nc3 Nb6 6. e3 Nc6 {A22: English Opening: 1...e5 2 Nc3 Nf6} 7. Nge2 Be7 (7... h5 8. d4 h4 9. d5 Ne7 10. e4 hxg3 11. hxg3 Rxh1+ 12. Bxh1 Ng8 13. Be3 Nf6 14. Qc2 {0-1 (57) Ponkratov,P (2613)-Karjakin,S (2760) Riadh 2017}) 8. d4 exd4 {The position is equal.} 9. exd4 Nb4 10. O-O O-O 11. Nf4 c6 12. a3 N4d5 13. Ncxd5 $146 ({Predecessor:} 13. Nfxd5 cxd5 14. Qd3 {1-0 (59) Mejzlik,O-Slaj,J Chudenice 2000}) 13... cxd5 14. Qf3 Bf6 15. Rd1 ({Reject} 15. Nxd5 Qxd5 16. Qxd5 Nxd5 $11) 15... Be6 16. Nxe6 fxe6 17. Qe2 Qe7 18. a4 Rae8 19. b3 {Hoping for Ba3.} Rf7 ({Black should play} 19... Qd7) 20. Ba3 Qd8 21. Rac1 Be7 22. Bxe7 Qxe7 23. Re1 Qb4 24. Qd3 Rfe7 25. Qc3 Qd6 26. Qc5 Qd7 27. Bf1 $36 {[%mdl 2048] [#] Threatens to win with Bb5. Black is under strong pressure.} Rc8 (27... Qd8 $142) 28. Qa5 $16 Ra8 29. Rc3 (29. Bh3 $142) 29... Qd6 30. Bh3 e5 $2 {[#]} (30... Rae8 $1 $14) 31. Qc5 Qf6 $2 (31... Qxc5 32. Rxc5 e4) 32. a5 $18 {White is clearly winning.} Rf8 33. dxe5 Rxe5 34. Rxe5 Qxe5 35. axb6 Qe1+ (35... axb6 $142 36. Qe3 Qxe3 37. fxe3 Rf6 38. Rc8+ Kf7 39. Rc7+ Kg6 40. Rxb7 Rd6) 36. Bf1 axb6 37. Qxd5+ Kh8 38. Rf3 {Precision: White = 56%, Black = 35%.} 1-0

[Event "WYCC 2018 O18"]
[Site "Halkidiki"]
[Date "2018.10.21"]
[Round "3"]
[White "Ayats Llobera, Gerard"]
[Black "Sarana, Alexey"]
[Result "1/2-1/2"]
[WhiteElo "2399"]
[BlackElo "2641"]
[Annotator "TA"]
[PlyCount "70"]
[EventDate "2018.10.20"]
[EventType "swiss"]
[EventCountry "GRE"]
[SourceTitle "playchess.com"]
[Source "ChessBase"]
[SourceQuality "1"]

{[%evp 19,70,5,24,7,0,-81,-18,-35,-34,-18,-20,-49,-65,-42,0,0,3,0,0,0,33,14,38,39,28,55,44,32,38,29,40,32,37,12,7,14,14,2,8,7,7,8,10,11,33,3,13,15,20,0,0,0,0]} 1. e4 c5 2. Nf3 d6 3. d4 cxd4 4. Nxd4 Nf6 5. Nc3 a6 6. f3 e5 7. Nb3 Be6 8. Be3 Nbd7 9. Qd2 b5 10. O-O-O h5 {LiveBook: 56 Games. B90: Sicilian Najdorf: Unusual White 6th moves, 6 Be3 Ng4 and 6 Be3 e5} 11. g3 (11. Kb1 Rc8 12. g3 Be7 13. Nd5 Nxd5 14. exd5 Bf5 15. Bd3 Bxd3 16. Qxd3 O-O 17. Rhg1 f5 18. h3 {1-0 (47) Aronian,L (2767)-Vachier Lagrave,M (2779) Saint Louis 2018}) 11... Be7 12. Qf2 (12. Nd5 $11) 12... Rc8 (12... b4 $17 13. Na4 O-O) 13. Nd5 $146 ({Predecessor:} 13. h3 b4 14. Nd5 Nxd5 15. exd5 Bf5 16. Rd2 a5 17. Bb5 Kf8 18. f4 g6 19. fxe5 dxe5 {1-0 (36) Zabala,F-Arenas Vanegas,D (2266) Medellin 2010}) 13... Nxd5 14. exd5 Bf5 15. Bd3 Bxd3 16. Rxd3 O-O 17. Kb1 f5 18. f4 Bf6 19. Rdd1 Qe8 20. Rhe1 Qg6 21. fxe5 Nxe5 22. Nd4 Nc4 23. Bc1 Bxd4 $1 24. Rxd4 Ne5 25. Bf4 Rfe8 26. Bxe5 dxe5 27. Rd2 Rcd8 28. d6 Rxd6 29. Rxd6 Qxd6 30. Qxf5 {[%mdl 4096] Endgame KQR-KQR} g6 31. Qe4 Kg7 32. a4 Re7 {The position is equal.} 33. axb5 axb5 34. g4 hxg4 35. Qxg4 Qe6 {Precision: White = 48%, Black = 29%.} 1/2-1/2

[Event "WYCC 2018 O18"]
[Site "Halkidiki"]
[Date "2018.10.21"]
[Round "3"]
[White "Haug, Johannes"]
[Black "Triapishko, Alexandr"]
[Result "1/2-1/2"]
[WhiteElo "2391"]
[BlackElo "2508"]
[Annotator "TA"]
[PlyCount "57"]
[EventDate "2018.10.20"]
[EventType "swiss"]
[EventCountry "GRE"]
[SourceTitle "playchess.com"]
[Source "ChessBase"]
[SourceQuality "1"]

{[%evp 20,57,-85,-72,-67,-77,-82,-103,-69,-76,-61,-81,-69,-124,-25,-35,-32,-23,0,0,0,0,0,0,0,0,0,0,11,11,15,8,8,0,2,4,4,0,0,0]} 1. d4 Nf6 2. c4 g6 3. g3 Bg7 4. Bg2 d5 5. cxd5 Nxd5 6. Nf3 Nb6 7. Nc3 Nc6 8. d5 Bxc3+ {D71: Fianchetto Grünfeld: 3 g3 d5 sidelines and 5 cxd5 (without Nf3)} 9. bxc3 Qxd5 10. O-O Qxd1 11. Rxd1 {LiveBook: 4 Games} Bd7 12. Ba3 Nc4 $146 ({Predecessor:} 12... Na5 13. Ne5 Ba4 14. Rd3 Rb8 15. Re3 e6 16. Rf3 {1-0 (24) Arnold,M (2432)-Wieczorek,O (2316) Chotowa 2010}) 13. Bc5 Nd6 14. Nd4 Na5 15. f4 Nac4 16. Nb3 ({White should play} 16. a4 $15) 16... Bc6 ({Black should try} 16... O-O-O $17 17. a4 Bf5) 17. Bxc6+ $11 bxc6 18. Rd4 O-O 19. Bxd6 {The position is equal.} Nxd6 20. Na5 c5 21. Rd5 Ne4 22. Nc6 e6 23. Re5 Nxc3 24. Rxc5 Ne4 25. Rc4 Nd6 26. Ne7+ Kg7 27. Rxc7 Nb5 28. Rc5 Nd4 29. e3 {Precision: White = 58%, Black = 50%.} 1/2-1/2